K. A. Timirjazev

Saved in:
Bibliographic Details
Main Author Novikov, Sergej Aleksandrovič, 1899- (Author)
Format Book
LanguageCzech
Published Praha : Svět sovětů, 1951
Subjects
Physical Description125 s.

Cover

LEADER 00000cam a22000007a 4500
001 6833
003 CZ-ZlUTB
005 20190825232121.0
008 950218s1951 xr |||||r|||||||||||cze|d
040 |a ZLD002  |b cze  |c ZLD002  |d ZLD002 
072 7 |a 58  |x Botanika  |2 Konspekt  |9 2 
100 1 |a Novikov, Sergej Aleksandrovič,  |d 1899-  |7 xx0097345  |4 aut 
245 1 0 |a K. A. Timirjazev 
260 |a Praha :  |b Svět sovětů,  |c 1951 
300 |a 125 s. 
600 1 7 |a Timirjazev, Kliment Arkad'jevič,  |d 1843-1920  |7 nlk20000089624  |2 czenas 
650 0 7 |a osobnosti  |7 ph115615  |2 czenas 
650 0 7 |a biologie  |7 ph114166  |2 czenas 
910 |a ZLD002 
952 |0 0  |1 0  |4 0  |6 92TIMIRZAJEVKA  |7 0  |8 BOOK  |9 11278  |a UTBZL  |b UTBZL  |c 030  |d 2006-07-29  |i 1565  |l 0  |o 92/TIMIRZAJEV,K.A.  |p 420010005528  |r 2019-08-25 00:00:00  |w 2019-08-25  |x 20100831  |y 05 
992 |a BK  |b SK 
999 |c 6833  |d 6833